Top Ten American Countries by Shortest Coastline - Statistics

General Stats
  • This quiz has been taken 33 times
  • The average score is 10 of 10
Answer Stats
Kilometers Miles Answer % Correct
153 95 Antigua and Barbuda
100%
148 92 Dominica
100%
121 75 Grenada
100%
135 84 Saint Kitts and Nevis
100%
97 60 Barbados
97%
307 191 El Salvador
97%
158 98 Saint Lucia
97%
84 52 Saint Vincent and the Grenadines
97%
362 225 Trinidad and Tobago
94%
280 174 Belize
91%
No matching quizzes found
Score Distribution
Percent of People with Each Score
Percentile by Number Answered
Your Score History
You have not taken this quiz